| 000 | 00862nam a22002057a 4500 | ||
|---|---|---|---|
| 003 | DO-SdBNP | ||
| 005 | 20211109122027.0 | ||
| 007 | ta | ||
| 008 | 211108b2017 dr ||||| |||| 00| 0 spa d | ||
| 040 |
_aDO-SdBNP _bspa _cBNPHU |
||
| 110 | 1 |
_aRepública Dominicana. _bJunta Central Electoral, _bEscuela de Formación Electoral y de Estado Civil. _980528 |
|
| 245 | 1 | 0 |
_aReglamento de la biblioteca / _ccoordinación general Laura Castellanos. |
| 260 |
_aSanto Domingo : _bJCE/EFEC, _c2017. |
||
| 300 |
_a31 p. ; _c28 cm. |
||
| 500 | _aAprobado por el Consejo Académico de la Escuela de Formación Electoral y del Estado Civil (EFEC), en su Sesión Administrativa Ordinaria de fecha 08 de mayo de 2017 (acta no. 02/2017). | ||
| 590 | _aInventariado, 2021 /LP | ||
| 700 | 1 |
_aCastellanos, Laura, _ecoordinación _980516 |
|
| 910 | _aLopérez | ||
| 942 |
_2ddc _cLBS1 |
||
| 999 |
_c50884 _d50884 |
||